| 000 | 00827nam a2200241 4500 | ||
|---|---|---|---|
| 005 | 20220222153826.0 | ||
| 008 | 220222s2005 ck |||gr|||| 00| 0 spa d | ||
| 020 | _a01239988 | ||
| 040 |
_aCO-BoUCM _bspa _cDeissy Garcia _dDeissy Garcia |
||
| 041 | 0 | _aspa | |
| 245 | 0 | 0 |
_aPensamiento y experimentación _bDeleuze, Foucault, Lyotard y otros _ccompilación Jaime Toro |
| 260 |
_aBogotá _bCarpe Diem _c2005 |
||
| 300 | _avolúmenes | ||
| 504 | _aIncluye referencias bibliográficas | ||
| 600 | 1 | 0 |
_aLyotard, Jean-François _92204 |
| 600 | 1 | 0 |
_aDeleuze, Gilles _91480 |
| 600 | 1 | 0 |
_aFoucault, Michel _943785 |
| 650 |
_aFilosofía francesa _915814 |
||
| 650 |
_aFilósofos franceses _915872 |
||
| 700 | 1 |
_aToro, Jaime _ecompilador _9173586 |
|
| 942 |
_2DEWEY _cLIBRO _a2 _e1 _h194 _mP418 _n0 |
||
| 999 |
_c320670 _d320670 |
||